Portrait of Calvin / (Record no. 48841)
[ view plain ]
| 000 -LEADER | |
|---|---|
| fixed length control field | 00798cam a2200277Ia 4500 |
| 001 - CONTROL NUMBER | |
| control field | 1044416 |
| 003 - CONTROL NUMBER IDENTIFIER | |
| control field | SIRSI |
| 005 - DATE AND TIME OF LATEST TRANSACTION | |
| control field | 20191111143053.0 |
| 008 - FIXED-LENGTH DATA ELEMENTS--GENERAL INFORMATION | |
| fixed length control field | 741018s1954 enkc b 000 0beng d |
| 010 ## - LIBRARY OF CONGRESS CONTROL NUMBER | |
| LC control number | a 55001407 |
| -- | AAG-8069 |
| 035 ## - SYSTEM CONTROL NUMBER | |
| System control number | (Sirsi) o01044416 |
| 035 ## - SYSTEM CONTROL NUMBER | |
| System control number | (Sirsi) 01-AAG-0888 |
| 036 ## - ORIGINAL STUDY NUMBER FOR COMPUTER DATA FILES | |
| Original study number | u60679 |
| 040 ## - CATALOGING SOURCE | |
| Original cataloging agency | Duke Univ. Library |
| Transcribing agency | COO |
| Modifying agency | SER |
| -- | m.c. |
| -- | TSW |
| 050 1# - LIBRARY OF CONGRESS CALL NUMBER | |
| Classification number | BX9418 |
| Item number | .P36 |
| 090 ## - LOCALLY ASSIGNED LC-TYPE CALL NUMBER (OCLC); LOCAL CALL NUMBER (OCLC) | |
| Classification number (OCLC) (R) ; Classification number, CALL (RLIN) (NR) | BX9418 |
| Local cutter number (OCLC) ; Book number/undivided call number, CALL (RLIN) | .P36 |
| 100 1# - MAIN ENTRY--PERSONAL NAME | |
| Personal name | Parker, T. H. L. |
| Fuller form of name | (Thomas Henry Louis) |
| 245 00 - TITLE STATEMENT | |
| Title | Portrait of Calvin / |
| Statement of responsibility, etc | by T.H.L. Parker. |
| 260 ## - PUBLICATION, DISTRIBUTION, ETC. (IMPRINT) | |
| Place of publication, distribution, etc | London : |
| Name of publisher, distributor, etc | SCM Press, |
| Date of publication, distribution, etc | [1954] |
| 300 ## - PHYSICAL DESCRIPTION | |
| Extent | 124 p. : |
| Other physical details | port. ; |
| Dimensions | 19 cm. |
| 504 ## - BIBLIOGRAPHY, ETC. NOTE | |
| Bibliography, etc | Includes bibliographical references. |
| 600 10 - SUBJECT ADDED ENTRY--PERSONAL NAME | |
| Personal name | Calvin, Jean, |
| Dates associated with a name | 1509-1564. |
| 945 ## - LOCAL PROCESSING INFORMATION (OCLC) | |
| a | BX9418 .P36 |
| 945 ## - LOCAL PROCESSING INFORMATION (OCLC) | |
| a | BX9418 .P36 |
| 945 ## - LOCAL PROCESSING INFORMATION (OCLC) | |
| a | BX9418 .P36 |
No items available.
